ThinkAdvisor

Detalles Bibliográficos
Título anterior:AdvisorOne (until 2013)
Formato: Electrónico Periódico
Lenguaje:inglés
Publicado: New York : National Underwriter Company dba Summit Business Media
Materias:
Acceso en línea:Full text available from Research Library: 02/16/2011 to present

MARC

LEADER 00000nas a2200000 i 4500
001 ssj0001078586
003 WaSeSS
005 20200512172242.0
006 m d
007 cr n
008 140110c20uu9999nyud| n|s|||||| |0eng d
035 |a (WaSeSS)ssj0001078586 
040 |a WaSeSS  |b eng  |c WaSeSS  |d WaSeSS 
050 1 4 |a HD72 
245 0 0 |a ThinkAdvisor  |h [electronic resource]. 
246 1 |a Think advisor 
260 |a New York :  |b National Underwriter Company dba Summit Business Media 
310 |a Daily 
506 |a License restrictions may limit access. 
588 |a Description based on: July 14, 2013; title from title screen (ProQuest, viewed Jan. 10, 2014). 
588 |a Latest issue consulted: January 8, 2014 (viewed Jan. 10, 2014). 
650 0 |a Economic development  |v Newspapers. 
655 0 |a Electronic journals. 
780 0 0 |t AdvisorOne (until 2013) 
856 4 0 |z Full text available from Research Library: 02/16/2011 to present  |u https://search.proquest.com/publication/776353